Wrong Answers Only #1 - Statistics

General Stats
  • This quiz has been taken 192 times
  • The average score is 6 of 10
Answer Stats
Question Answer % Correct
Which of the following is a Norse deity? Zeus
80%
Which of the following people was a president of the United States? Alexander Hamilton
78%
Which of the following countries is in Europe? Cyprus
76%
Which of the following cities are a national capital? Sydney
69%
Which of the following people were assassinated? Elvis Presley
67%
Which of the following countries have invaded Afghanistan? Brazil
66%
Which of these answer choices was used in a previous question? Theodore Roosevelt
50%
Which of these words is a verb? Udder
50%
Which of the following plants is a fruit? Rhubarb
42%
Which of the following answer choices isn't answering with an affirmative? No, that's not wrong
31%
No matching quizzes found
Score Distribution
Percent of People with Each Score
Percentile by Number Answered
Your Score History
You have not taken this quiz